[Event "GER-CupT 2122 Round2 (2)"]
[Site "Neuwied"]
[Date "2022.05.22"]
[Round "2.2"]
[White "Boidman, Yuri"]
[Black "Keymer, Vincent"]
[Result "0-1"]
[WhiteElo "2302"]
[BlackElo "2667"]
[PlyCount "138"]
[EventDate "2022.05.21"]
[EventType "team-k.o."]
[EventRounds "2"]
[EventCountry "GER"]
[SourceTitle "EXT 2023"]
[Source "ChessBase"]
[SourceDate "2022.10.05"]
[SourceVersion "1"]
[SourceVersionDate "2022.10.05"]
[SourceQuality "1"]
[WhiteTeam "Heimbach Weis/Neuwied"]
[BlackTeam "Deizisau"]
[WhiteTeamCountry "GER"]
[BlackTeamCountry "GER"]

1. e4 c5 2. Nf3 d6 3. d4 cxd4 4. Qxd4 Nf6 5. Nc3 Nc6 6. Bb5 Bd7 7. Bxc6 Bxc6 8. Bg5 e6 9. 0-0-0 Be7 10. Qd3 Qa5 11. Bd2 Ng4 12. Qe2 Qc5 13. Nd4 Qxd4 14. Qxg4 0-0 15. Be3 Qf6 16. h4 b5 17. f3 Qg6 18. Qh3 f5 19. h5 Qf7 20. exf5 Qxf5 21. Qxf5 Rxf5 22. h6 g6 23. Ne4 Bd5 24. Nc3 Bc6 25. Ne4 Bxe4 26. fxe4 Re5 27. Bf4 Rxe4 28. Bxd6 Bg5+ 29. Kb1 Rd8 30. a3 a6 31. g3 e5 32. Rd5 Rd4 33. Rxd4 exd4 34. Be5 d3 35. cxd3 Rxd3 36. Kc2 Rf3 37. g4 Kf7 38. Bg7 Rf2+ 39. Kd3 Rf4 40. Rg1 Ke6 41. Re1+ Kd7 42. Re4 Rf2 43. a4 Bc1 44. axb5 axb5 45. Rd4+ Kc6 46. Re4 Rd2+ 47. Kc3 Rxb2 48. Re6+ Kd5 49. Re5+ Kd6 50. Re8 Rh2 51. Rb8 Kc6 52. Rc8+ Kd5 53. Rb8 Rh3+ 54. Kc2 Bxh6 55. Bf6 Bf4 56. Rxb5+ Kc4 57. Rb7 Rh2+ 58. Kd1 Kd3 59. Ke1 Ke4 60. g5 Kf3 61. Kd1 Rd2+ 62. Ke1 Rc2 63. Rb1 Be3 64. Kd1 Rd2+ 65. Ke1 Rg2 66. Kd1 Rg1+ 67. Kc2 Rxb1 68. Kxb1 Kg4 69. Kc2 Bxg5 0-1

[Event "EU-Cup 36th"]
[Site "Struga"]
[Date "2021.09.18"]
[Round "1.14"]
[White "Boidman, Yuri"]
[Black "Lobersli, Henrik Oie"]
[Result "0-1"]
[WhiteElo "2318"]
[BlackElo "1987"]
[PlyCount "86"]
[EventDate "2021.09.18"]
[EventType "team-swiss"]
[EventRounds "7"]
[EventCountry "MKD"]
[SourceTitle "CBM 204 Extra"]
[Source "ChessBase"]
[SourceDate "2021.11.30"]
[SourceVersion "1"]
[SourceVersionDate "2021.11.30"]
[SourceQuality "1"]
[WhiteTeam "Wirtzfeld"]
[BlackTeam "Baerum"]
[WhiteTeamCountry "BEL"]
[BlackTeamCountry "NOR"]

1. e4 e5 2. Nf3 Nc6 3. Bb5 a6 4. Ba4 Nf6 5. 0-0 Be7 6. Re1 b5 7. Bb3 0-0 8. d4 Nxd4 9. Bxf7+ Rxf7 10. Nxe5 Rf8 11. Qxd4 c5 12. Qd1 Bb7 13. Nc3 Qc7 14. Nf3 b4 15. Nd5 Nxd5 16. exd5 Bd6 17. c4 bxc3 18. bxc3 c4 19. Rb1 Rf5 20. Nd4 Bxh2+ 21. Kh1 Rxf2 22. Qh5 Raf8 23. Ba3 Bd6 24. Bxd6 Qxd6 25. Re5 Bxd5 26. Rg1 R2f6 27. Qh2 Qxe5 28. Qxe5 Rh6+ 29. Qh2 Rxh2+ 30. Kxh2 Rf2 31. a4 Ra2 32. Nf5 Kf7 33. Ne3 Be6 34. Rf1+ Ke7 35. Kg3 Rxa4 36. Kf4 Ra3 37. Rc1 Kd6 38. Ke4 Kc5 39. Rh1 Bf7 40. Rd1 d6 41. Rc1 Bg6+ 42. Kf4 Rb3 43. g4 Rb1 0-1

[Event "GER-ch Seniors 65 32nd"]
[Site "Magdeburg"]
[Date "2020.08.16"]
[Round "3"]
[White "Schmidt, Joerg"]
[Black "Boidman, Yuri"]
[Result "1/2-1/2"]
[WhiteElo "2053"]
[BlackElo "2328"]
[PlyCount "128"]
[EventDate "2020.08.14"]
[EventType "swiss"]
[EventRounds "9"]
[EventCountry "GER"]
[SourceTitle "EXT 2021"]
[Source "ChessBase"]
[SourceDate "2020.10.23"]
[SourceVersion "1"]
[SourceVersionDate "2020.10.23"]
[SourceQuality "1"]

1. e4 d5 2. exd5 Nf6 3. d4 Bg4 4. Nf3 Qxd5 5. Be2 Nc6 6. h3 Qh5 7. c3 0-0-0 8. Bf4 e6 9. Bh2 Bxf3 10. Bxf3 Qb5 11. Qb3 Qxb3 12. axb3 Nd5 13. Nd2 Bd6 14. g3 h5 15. Nc4 Be7 16. b4 a6 17. Ne3 Bg5 18. Nxd5 exd5 19. g4 hxg4 20. hxg4 Ne7 21. Bg3 c6 22. Rxh8 Rxh8 23. Ke2 Ng6 24. Rh1 Rxh1 25. Bxh1 Bf4 26. Bxf4 Nxf4+ 27. Ke3 g5 28. Bf3 Kc7 29. Bd1 Kb6 30. b3 a5 31. bxa5+ Kxa5 32. Bc2 Kb6 33. Bf5 c5 34. Bd7 Kc7 35. Be8 cxd4+ 36. Kxd4 f6 37. c4 dxc4 38. bxc4 b6 39. Ba4 Kd6 40. Ke4 Ne6 41. Kf5 Ke7 42. Bd1 Nf4 43. Bc2 Nh3 44. f3 Nf4 45. Bd1 Ng2 46. Ke4 Kd6 47. Be2 Nf4 48. Bf1 Ke6 49. Kd4 Ng6 50. Ke4 Ne5 51. Be2 Ng6 52. Bf1 Nf4 53. Kd4 f5 54. c5 bxc5+ 55. Kxc5 fxg4 56. fxg4 Ke5 57. Ba6 Ng2 58. Kc4 Ne3+ 59. Kd3 Nxg4 60. Ke2 Kf4 61. Kf1 Ne3+ 62. Kg1 g4 63. Bc8 g3 64. Bb7 Nf5 1/2-1/2

[Event "WchT Seniors 65"]
[Site "Prague"]
[Date "2020.03.06"]
[Round "1.10"]
[White "Boidman, Yuri"]
[Black "Jones, Iolo Cerredig"]
[Result "1-0"]
[WhiteElo "2335"]
[BlackElo "2146"]
[PlyCount "89"]
[EventDate "2020.03.06"]
[EventType "team-swiss"]
[EventRounds "7"]
[EventCountry "CZE"]
[SourceTitle "CBM 195 Extra"]
[Source "ChessBase"]
[SourceDate "2020.05.31"]
[SourceVersion "1"]
[SourceVersionDate "2020.05.31"]
[SourceQuality "1"]
[WhiteTeam "Germany 65 II"]
[BlackTeam "Wales 65 II"]
[WhiteTeamCountry "GER"]
[BlackTeamCountry "WLS"]

1. e4 e5 2. Nf3 Nf6 3. Nc3 Nc6 4. d4 exd4 5. Nxd4 Bb4 6. Nxc6 bxc6 7. Bd3 d5 8. exd5 cxd5 9. Qe2+ Qe7 10. Qxe7+ Kxe7 11. 0-0 c6 12. Ne2 Re8 13. Nd4 Bd7 14. Bf5 Bc5 15. Bxd7 Kxd7 16. Be3 Ng4 17. Rad1 f6 18. Bc1 g6 19. h3 Ne5 20. b3 Kc7 21. Kh1 Rad8 22. f4 Nd7 23. Bb2 f5 24. Rfe1 Bxd4 25. Bxd4 a6 26. c4 Re4 27. Rxe4 fxe4 28. Bc3 Kd6 29. Kg1 Ke6 30. Kf2 Nc5 31. Rd4 Rd7 32. cxd5+ cxd5 33. Ke3 Rc7 34. Rb4 Rc6 35. Bd4 Nd3 36. Rb7 Nc1 37. g4 Nxa2 38. Rxh7 Nb4 39. Bh8 Nc2+ 40. Kd2 d4 41. f5+ Kd5 42. Rd7+ Kc5 43. Kxc2 gxf5 44. Bxd4+ Kb4+ 45. Kb2 1-0

[Event "Oberliga Sued W 1920"]
[Site "Germany"]
[Date "2019.11.24"]
[Round "3.2"]
[White "Klein, Joachim"]
[Black "Boidman, Yuri"]
[Result "1-0"]
[WhiteElo "2158"]
[BlackElo "2375"]
[PlyCount "74"]
[EventDate "2019.09.29"]
[EventType "team-tourn"]
[EventRounds "9"]
[EventCountry "GER"]
[SourceTitle "EXT 2021"]
[Source "ChessBase"]
[SourceDate "2020.10.23"]
[SourceVersion "1"]
[SourceVersionDate "2020.10.23"]
[SourceQuality "1"]

1. e4 c5 2. Nf3 e6 3. d4 cxd4 4. Nxd4 a6 5. c4 Nf6 6. Nc3 Bb4 7. Qd3 Nc6 8. Nc2 Bc5 9. Be2 h5 10. Be3 Ne5 11. Qd2 Qc7 12. f3 h4 13. 0-0-0 h3 14. g3 b5 15. cxb5 Bxe3 16. Qxe3 axb5 17. Nxb5 Qc6 18. Rd6 Nc4 19. Rxc6 Nxe3 20. Nxe3 dxc6 21. Nc7+ Ke7 22. Nxa8 Nd7 23. Nc4 Ba6 24. Nc7 Bc8 25. Na5 Rh5 26. b4 c5 27. a3 cxb4 28. axb4 f5 29. f4 Rh8 30. exf5 e5 31. Nd5+ Kd6 32. Rd1 exf4 33. Nxf4+ Kc7 34. Ne6+ Kb6 35. Rd6+ Ka7 36. Nc6+ Ka8 37. Bf3 Nb6 1-0

[Event "Wiesbaden op 31st"]
[Site "Wiesbaden"]
[Date "2019.08.23"]
[Round "2"]
[White "Boidman, Yuri"]
[Black "Viol, Julius"]
[Result "1-0"]
[WhiteElo "2374"]
[BlackElo "1709"]
[PlyCount "73"]
[EventDate "2019.08.22"]
[EventType "swiss"]
[EventRounds "7"]
[EventCountry "GER"]
[SourceTitle "EXT 2020"]
[Source "ChessBase"]
[SourceDate "2019.10.17"]
[SourceVersion "1"]
[SourceVersionDate "2019.10.17"]
[SourceQuality "1"]

1. e4 c5 2. Nf3 d6 3. d4 cxd4 4. Qxd4 a6 5. Be3 Nf6 6. Nc3 Nc6 7. Qd2 b5 8. 0-0-0 Bb7 9. Nd5 Nd7 10. Nd4 Nxd4 11. Qxd4 e6 12. Nc3 e5 13. Qd2 Nf6 14. f3 Be7 15. Bg5 b4 16. Na4 Qa5 17. b3 Rc8 18. Bxf6 Bxf6 19. a3 Qc7 20. Bc4 bxa3 21. Qxd6 Be7 22. Qxc7 Rxc7 23. Bd5 0-0 24. Bxb7 Rxb7 25. Rd3 Rc8 26. Rhd1 Rbc7 27. c4 h6 28. Nb6 Rb8 29. Nd5 Bg5+ 30. Kc2 Rxc4+ 31. bxc4 Rb2+ 32. Kc3 Bd8 33. c5 Ba5+ 34. Kc4 a2 35. Ra3 Rb1 36. Rxa2 Rxd1 37. Rxa5 1-0

[Event "Eschborn op"]
[Site "Eschborn"]
[Date "2019.08.18"]
[Round "5.13"]
[White "Fischer, Ulrich"]
[Black "Boidman, Yuri"]
[Result "0-1"]
[WhiteElo "1811"]
[BlackElo "2332"]
[PlyCount "94"]
[EventDate "2019.08.16"]
[EventType "swiss"]
[EventRounds "5"]
[EventCountry "GER"]
[SourceTitle "EXT 2024"]
[Source "ChessBase"]
[SourceDate "2023.10.10"]
[SourceVersion "1"]
[SourceVersionDate "2023.10.10"]
[SourceQuality "1"]

1. d4 d5 2. c4 c6 3. Nf3 Nf6 4. Nc3 e6 5. e3 Nbd7 6. Qc2 Bd6 7. Bd3 0-0 8. 0-0 dxc4 9. Bxc4 e5 10. Rd1 Qe7 11. e4 exd4 12. Nxd4 Ne5 13. Be2 Rd8 14. Bg5 h6 15. Bh4 Ng6 16. Bg3 Nf4 17. Bf3 g5 18. Nf5 Bxf5 19. exf5 Be5 20. Bxf4 Bxf4 21. g3 Be5 22. Rxd8+ Rxd8 23. Rd1 Rxd1+ 24. Qxd1 Bxc3 25. bxc3 Qd7 26. Qc2 Kg7 27. c4 c5 28. h3 b6 29. g4 Qd4 30. Qa4 Qd7 31. Qa3 Qc7 32. Kg2 Nd7 33. Bd5 a5 34. Qe3 Qe5 35. Qb3 h5 36. Qd1 Qd4 37. Qf3 hxg4 38. Qxg4 Qxg4+ 39. hxg4 Ne5 40. Kg3 Nd3 41. Kf3 Kf6 42. Ke3 Nb4 43. Ke4 Nxa2 44. f4 Nb4 45. fxg5+ Kxg5 46. Bxf7 a4 47. Bh5 a3 0-1

[Event "Eschborn op"]
[Site "Eschborn"]
[Date "2019.08.17"]
[Round "2.2"]
[White "Boidman, Yuri"]
[Black "Susallek, Markus"]
[Result "1-0"]
[WhiteElo "2332"]
[BlackElo "1896"]
[PlyCount "51"]
[EventDate "2019.08.16"]
[EventType "swiss"]
[EventRounds "5"]
[EventCountry "GER"]
[SourceTitle "EXT 2024"]
[Source "ChessBase"]
[SourceDate "2023.10.10"]
[SourceVersion "1"]
[SourceVersionDate "2023.10.10"]
[SourceQuality "1"]

1. e4 c5 2. Nf3 e6 3. Nc3 Nc6 4. Bb5 Qc7 5. 0-0 d6 6. Re1 Nf6 7. d4 cxd4 8. Qxd4 Bd7 9. Bxc6 Bxc6 10. Nd5 exd5 11. exd5+ Be7 12. dxc6 bxc6 13. Bf4 Rd8 14. Nh4 0-0 15. Nf5 Rfe8 16. Bg5 c5 17. Qh4 Bf8 18. Bxf6 gxf6 19. Qxf6 Re5 20. f4 Ree8 21. Rad1 Qa5 22. c3 Qxa2 23. h3 Qc4 24. Re3 Rxe3 25. Qg5+ Kh8 26. Qxd8 1-0